Busser med Norsk sidestilt 2024 (konsept) - Statistics

General Stats
  • This quiz has been taken 153 times
  • The average score is 19 of 36
Answer Stats
Hint Answer % Correct
Kuken Lazertits
94%
Pappa Hillside
91%
Legenden Project ledg
88%
Vulvaen Stinn brakke
84%
Subben/Myggen Kvelertak
80%
Hvalen Ohmaigod
77%
Huldra Rett vest
74%
Wonderboys Hodemist
73%
Sleiken Ringenes herre
73%
Ærna Space sex
69%
Pungen Spilledåsa
69%
Larven Storvilt
68%
Parken Titzbuhel
67%
Doning1 Breadhead redemption
60%
Øgla Bussmaster
59%
Jesus Motorhead
59%
Kunstverket Politits
58%
Pitten Brickhouse
57%
Biffen Schtuka
57%
Klitten Grovemaskin
55%
Kidden Just kiddin
53%
Arna Grabbarna
49%
Titsmaskin1 Bedbulls
47%
Gnisten Svirebror
47%
Toget Alle barna
39%
Kartongen Melkeruta
38%
Balla Suad
36%
Jomfru1 Tiedemanns
33%
Bien Brahman
31%
Raketten Neverest
28%
Kari Rundrullt
27%
Dronningen Russhour
27%
Sleden Nutcracker
26%
Arn2 Rullball
25%
Macken Mackqueens
18%
Gubben Tour de bus
9%
No matching quizzes found
Score Distribution
Percent of People with Each Score
Percentile by Number Answered
Your Score History
You have not taken this quiz